Francis Forever Lyrics (Mitski) - Statistics

General Stats
  • This quiz has been taken 11 times
  • The average score is 134 of 145
Answer Stats
Lyrics % Correct
A
100%
AM
100%
And
100%
Anything
100%
At
100%
By
100%
Do
100%
Don't
100%
Head
100%
I
100%
I'm
100%
Know
100%
Me
100%
Miss
100%
More
100%
My
100%
See
100%
Than
100%
The
100%
This
100%
Three
100%
To
100%
What
100%
When
100%
Where
100%
With
100%
Without
100%
Writing
100%
You
100%
Be
86%
Been
86%
Best
86%
But
86%
Can
86%
Comes
86%
Could
86%
Days
86%
Done
86%
Go
86%
Hands
86%
I've
86%
Lay
86%
Look
86%
Need
86%
Not
86%
On
86%
Out
86%
Passing
86%
Put
86%
Stand
86%
Summer
86%
Sunny
86%
That
86%
Think
86%
Trying
86%
Up
86%
Walking
86%
World
86%
Yet
86%
You're
86%
Autumn
71%
Lined
71%
Street
71%
Sunlight
71%
Tree
71%
Down
57%
End
57%
Gaps
57%
Of
57%
No matching quizzes found
Score Distribution
Percent of People with Each Score
Percentile by Number Answered
Your Score History
You have not taken this quiz